000 00524nam a2200193Ia 4500
005 20260120131835.0
008 008 260114s9999 xx 000 0 eng d
020 _a9781383013696
037 _aEBOOK
040 _aCRL
_beng
_cCRL
041 _aeng
_2eng
084 _qCRL
100 _aHo
_9931841
245 0 _aDynamics of a Contact Continuum
260 _bOxford University PressOxford University Press
_c2023
856 _uhttps://academic.oup.com/book/48223
942 _cEBOOK
999 _c1523763
_d1523763